Программирование. Дополнительные главы: [учебное пособие]; Ч. 1

Библиографические подробности
Главный автор: Бетелин В. Б. Владимир Борисович
Автор-организация: Московский государственный университет им. М. В. Ломоносова (МГУ)
Язык:русский
Опубликовано: Москва, Изд-во Московского ун-та, 1985
Предметы:
Формат: MixedMaterials Книга
Запись в KOHA:https://koha.lib.tpu.ru/cgi-bin/koha/opac-detail.pl?biblionumber=275624

MARC

LEADER 00000nam0a2200000 4500
001 275624
005 20231101234837.0
035 |a (RuTPU)RU\TPU\book\298869 
090 |a 275624 
100 |a 20141115d1985 m y0rusy50 ca 
101 0 |a rus 
102 |a RU 
105 |a a j 001zy 
200 1 |a Программирование. Дополнительные главы  |h Ч. 1  |e [учебное пособие]  |f В. Б. Бетелин  |g Московский государственный университет им. М. В. Ломоносова (МГУ) 
210 |a Москва  |c Изд-во Московского ун-та  |d 1985 
215 |a 101 с.  |c ил. 
320 |a Библиогр.: с. 100 
606 1 |a Программирование  |2 stltpush  |3 (RuTPU)RU\TPU\subj\51780  |9 70345 
610 1 |a ЭВМ 
610 1 |a электронные вычислительные машины 
610 1 |a история 
610 1 |a мини-ЭВМ 
610 1 |a микро-ЭВМ 
610 1 |a макроассемблер 
610 1 |a учебные пособия 
675 |a 681.3.06(075.8)  |v 3 
700 1 |a Бетелин  |b В. Б.  |g Владимир Борисович 
712 0 2 |a Московский государственный университет им. М. В. Ломоносова (МГУ)  |2 stltpush  |3 (RuTPU)RU\TPU\col\7 
801 1 |a RU  |b 63413507  |c 20141115 
801 2 |a RU  |b 63413507  |c 20170330  |g RCR 
942 |c BK